Statystyki dla Wszyscy kazachscy skoczkowie narciarscy w historii

Kliknij tutaj aby rozwiązać quiz!

Ogólne statystyki

  • Ten quiz został rozwiązany 8 razy
  • Średni wynik to 11 z 32

Statystyki odpowiedzi

Odpowiedź% Poprawnych
Sabirżan Muminov
86%
Konstantin Sokolenko
71%
Danił Wasiljew
57%
Marat Żaparow
57%
Nurszat Tursunżanow
57%
Radik Żaparow
57%
Siergiej Tkaczenko
57%
Stanisław Filimonow
57%
Aleksiej Korolow
43%
Aleksiej Pczelincew
43%
Asan Tachtachunow
43%
Dimitrij Czwykow
43%
Gleb Safonow
43%
Iwan Karaułow
43%
Aleksandr Korobow
29%
Anatolij Karpienko
29%
Ilja Kratow
29%
Jewgienij Lewkin
29%
Maksim Połunin
29%
Nikita Diewiatkin
29%
Nikołaj Karpienko
29%
Swiatosław Nazarienko
29%
Aleksandr Kołmakow
14%
Aleksandr Taranow
14%
Andriej Wierwiejkin
14%
Czingiz Kałykow
14%
Dionis Wodniew
14%
Ilszat Kadyrow
14%
Jurij Rulew
14%
Kajrat Bijekienow
14%
Pawieł Gajduk
14%
Roman Nogin
14%

Rozkład punktacji

Percentyl według liczby udzielonych odpowiedzi

Procent ludzi z każdym wynikiem

Twoja historia wyników

Nie rozwiązałeś tego quizu